Normal view
MARC view
Entry Personal Name
001 - CONTROL NUMBER
- control field: 165022
003 - CONTROL NUMBER IDENTIFIER
- control field: OSt
005 - DATE AND TIME OF LATEST TRANSACTION
- control field: 20220923221100.0
008 - FIXED-LENGTH DATA ELEMENTS
- fixed length control field: 220923|| aca||aabn | a|a d
040 ## - CATALOGING SOURCE
- Original cataloging agency: OSt
- Transcribing agency: OSt
100 ## - HEADING--PERSONAL NAME
- Personal name: गोयल, मुरारी लाल, शापित
670 ## - SOURCE DATA FOUND
- Source citation: Work cat.: (OSt)347045: गोयल, मुरारी लाल, शापित, पंडित माधव प्रसाद मिश्र, 1981
